01170nam a2200337 a 4500003000900000005001700009008004100026040001300067100002500080245016200105260006100267300003500328490004400363504002500407650002100432650002100453650001700474650002900491650002500520650002900545650002800574650001500602650001200617651001600629700002200645700002300667942000700690998001200697999001500709952010800724AR-BaBNM20251128204001.0082120s2002 ||||||||||||||000 | spa|| cAR-BaBNM1 aPaterlini, Carlos M.00aRelevamiento aeromagnético regional en el mar de Weddell noroccidental Antártida bRegional aeromagnetic survey of the northwestern Weddell sea Antartica aBuenos AiresbDirección Nacional del Antárticoc1984 a16 p.bmapas, gráfs., tablas 0aInstituto Antártico Argentinovv. 306 aBibliografía p. 10 4aREGIONES POLARES 4aZONAS CLIMATICAS 4aOCEANOGRAFIA 4aEXPEDICIONES CIENTIFICAS 4aEXPLORACION OCEANICA 4aINVESTIGACION CIENTIFICA 4aEXPLORACION DE RECURSOS 4aMAGNETISMO 4aMETODOS 4aAntártida1 aNuñez, Jorge H.1 aKeller, Marcelo A. cBK cmariana c5713d5713 00102ddc405171aLPLbLPLd2025-11-28l0o919 C-IAN 306p057378r2025-11-28 20:40:01w2025-11-28yBK